000 00295nam a2200121Ia 4500
005 20260328104332.0
008 260328s9999||||xx |||||||||||||| ||und||
100 _aDávalos, Gabriel
245 0 _aHabana Pasión /
_cGabriel Dávalos
260 _bLatinoamericana
650 _aCUBA
942 _cBK
999 _c11755
_d11755